ARGENT (L') (Record n. 104691)

Dettagli MARC
000 -LEADER
fixed length control field 02233agaaa2200349 4500
001 - CONTROL NUMBER
control field 4779
003 - CONTROL NUMBER IDENTIFIER
control field IT-RoPAU
005 - DATE AND TIME OF LATEST TRANSACTION
control field 20220918181224.0
007 - PHYSICAL DESCRIPTION FIXED FIELD--GENERAL INFORMATION
fixed length control field d cvaizq
008 - FIXED-LENGTH DATA ELEMENTS--GENERAL INFORMATION
fixed length control field 50131s9999||||xx ||| | || ||und||
040 ## - CATALOGING SOURCE
Original cataloging agency IT-RoPAU
Transcribing agency IT-RoPAU
041 ## - LANGUAGE CODE
Language code of text/sound track or separate title ITALIANO
100 ## - MAIN ENTRY--PERSONAL NAME
Personal name Bresson Robert
Miscellaneous information Codice regista SPICS: 8815
9 (RLIN) 37148
130 ## - MAIN ENTRY--UNIFORM TITLE
Uniform title ARGENT (L')
9 (RLIN) 37149
240 ## - UNIFORM TITLE
Uniform title AVVENTURA NELLA FANTASIA (SCHEDA 15)
Miscellaneous information 1279
245 ## - TITLE STATEMENT
Title ARGENT (L')
Statement of responsibility, etc. Prodotto da: Hencoz Jean Marc -- Sceneggiatura: Bresson Robert Dal Racconto Il Biglietto Falso Di Tolstoj Lev -- Diretto da: Bresson Robert
Name of part/section of a work ARGENT (L') (Rif. Codice opera principale : H4779)
246 ## - VARYING FORM OF TITLE
Title proper/short title AVVENTURA NELLA FANTASIA (SCHEDA 15)
250 ## - EDITION STATEMENT
Edition statement Edizione Standard
260 ## - PUBLICATION, DISTRIBUTION, ETC. (IMPRINT)
Place of publication, distribution, etc. PARIGI (FRANCIA - SVIZZER)
Name of publisher, distributor, etc. EOS FILMS - MARION'S FILMS - FR3 / Distribuzione: MULTIMEDIA SAN PAOLO
Date of manufacture "1983 (1° ed.: 2004 ; Ed. Lingua Orig.: 1983)"
300 ## - PHYSICAL DESCRIPTION
Extent DVD
Other physical details sonoro, col.
Dimensions 85 minuti
508 ## - CREATION/PRODUCTION CREDITS NOTE
Creation/production credits note "Fotografia: De Santis Pasqualino; Montaggio: Naudon(Jean Francois; Musica: Bach Johann Sebastian; Sceneggiatura: Bresson Robert Dal Racconto Il Biglietto Falso Di Tolstoj Lev; Scenografia: Guffroy Pierre; Soggetto: Bresson Robert -- Tolstoj Lev"
511 ## - PARTICIPANT OR PERFORMER NOTE
Participant or performer note "Baussy Didier; Briguet Michael; Forneau Marc; E.; Lang Caroline; Lapeyre Bruno; Patey "
520 ## - SUMMARY, ETC.
Summary, etc. DUE STUDENTI PAGANO L'ACQUISTO DI UNA MODESTA CORNICE (PER LORO ASSOLUTAMENTE INUTILE) CON UN BIGLIETTO FALSO DA 500 FRANCHI. LA PROPRIETARIA DEL NEGOZIO ESITA, MA ALLA FINE ACCETTA LA BANCONOTA CHE IL MARITO, RICONOSCIUTALACOME FALSA, UNISCE AD ALTRE, CON LE QUALI FA PAGARE DAL COMMESSO LUCIEN ALCUNE FATTURE CONSEGNATEGLI DA YVON, UN BRAVO E ONESTO LAVORATORE...APOLOGO SULLA MISERIA UMANA, SUL PECCATO, SULL'ESPIAZIONE, SUL PERDONO.
538 ## - SYSTEM DETAILS NOTE
System details note PAL, STEREO
546 ## - LANGUAGE NOTE
Language note ITALIANO
650 ## - SUBJECT ADDED ENTRY--TOPICAL TERM
Topical term or geographic name as entry element DRAMMATICO
Relator term DVD-FILM [DVD]
General subdivision Codice MATERIA SPICS: 9947
9 (RLIN) 37150
700 ## - ADDED ENTRY--PERSONAL NAME
Personal name Bach Johann Sebastian
Relator term (musica)
Miscellaneous information Codice Musica SPICS: 9695
9 (RLIN) 37151
700 ## - ADDED ENTRY--PERSONAL NAME
Personal name Bresson Robert
Relator term (regista)
Miscellaneous information Codice regista SPICS: 8815
9 (RLIN) 37152
700 ## - ADDED ENTRY--PERSONAL NAME
Personal name Bresson Robert
Relator term (soggetto)
Miscellaneous information Codice Soggetto SPICS: 8815
9 (RLIN) 37153
700 ## - ADDED ENTRY--PERSONAL NAME
Personal name Tolstoj Lev
Relator term (soggetto)
Miscellaneous information Codice Soggetto 2° SPICS: 12437
9 (RLIN) 37154
942 ## - ADDED ENTRY ELEMENTS (KOHA)
Koha item type DVD
Source of classification or shelving scheme Dewey Decimal Classification
Dati di copia
Withdrawn status Lost status Damaged status Not for loan Home library Current library Date acquired Total Checkouts Full call number Date last seen Price effective from Koha item type Public note
    Buone Condizioni Not For Loan SPICS-MEDIATECA SPICS-MEDIATECA 31/01/2015   H4779 31/01/2015 31/01/2015 DVD Progr. Ins.: 3142 / N.Vol.:1 / Copie: 1 / Pag.:0 / Copia rara: n.d. / date import: 1.2.2015 / By Epidotti, Trombetti, Vaglietti
CREDITS: SOCIETA' SAN PAOLO Via A.Severo, 58 - ROMA (RM) & PERIODICI SAN PAOLO SRL Via Giotto, 36 MILANO & CISF Via Giotto, 36 MILANO & EDIZIONI SAN PAOLO SRL,  Piazza Soncino, 5 CINISELLO BALSAMO (MI) -- ITALY